| 000 | 00459nam a22001817a 4500 | ||
|---|---|---|---|
| 003 | NUST - PNEC | ||
| 005 | 20170116180827.0 | ||
| 008 | 150727b xxu||||| |||| 00| 0 eng d | ||
| 020 | _a- | ||
| 024 | _268-13118 | ||
| 040 | _cLIBRARY | ||
| 082 | _a512.13 SWO | ||
| 100 |
_94418 _aSwokowski, Earl |
||
| 245 |
_aFundamentals of algebra and trigonometry _cEarl Swokowski |
||
| 250 | _a2nd ed. | ||
| 650 |
_94419 _aAlgebra, Mathematics _xME |
||
| 942 |
_2ddc _cBK |
||
| 999 |
_c63909 _d63909 |
||